000 00498nam a2200193Ia 4500
005 20240823013702.0
008 240823s9999||||xx |||||||||||||| ||und||
020 _a81-203-0881-6
041 _aENGLISH
082 _A628 P4
100 _a"Masters,Gilbert M"
245 0 _aIntroduction to Environmental Engineering and Science
250 _a1st
260 _c2004
_b"PHI,New D"
500 _aTRANSFERED
650 _aEnvironment Engg
_bAerospace Engineering
942 _cBK
999 _c167940
_d167940